| 000 | 00697nam a22002057a 4500 | ||
|---|---|---|---|
| 005 | 20240614115017.0 | ||
| 010 | _aENG-140620 | ||
| 020 |
_c465.00 _a9788119896417 |
||
| 035 | _aEN-124152 | ||
| 037 | _bDBAD | ||
| 082 |
_a954.51 _21 |
||
| 100 |
_aGogoi, Anshuman _967510 |
||
| 245 |
_aAssam General Knowledge/ _cBy Anshuman Gogoi [and] Madhusmita Phukan |
||
| 250 | _a1 | ||
| 260 |
_aNoida _bPearson India Education Pvt Ltd _c2024 |
||
| 270 |
_a1st Floor, Berger Tower, Plot No. C-001/2, Sector 16B _bNoida _e201301 _mcompanysecretary.india@pearson.com |
||
| 300 |
_axxxiii+vp. _c23cm(pbk) |
||
| 700 |
_aPhukan, Madhusmita _eAuthor _967483 |
||
| 942 |
_2ddc _cEN _h954.51 _mGOG _e1 |
||
| 999 |
_c203595 _d203595 |
||